Intercommunalités de Normandie sur une carte - Statistiques

Statistiques générales
  • Ce quiz a été pris 160 fois
  • Le résultat moyen est 27 sur 69
Réponses sur la Carte
Les réponses sont colorées sur une échelle allant du rouge au vert en fonction du pourcentage des utilisateurs qui les ont devinées à leur premier essai. Vous pouvez retrouver ces pourcentages ci-dessous.
 
Statistiques - réponses
Intercommunalité Communes % Correct
Caen la Mer Caen | Hérouville-Saint-Clair | Ifs...
96%
CA du Cotentin Cherbourg-en-Cotentin | La Hague |Valognes...
95%
Le Havre Seine Métropole Le Havre | Montivilliers | Gonfreville-l'Orcher...
94%
Métropole Rouen Normandie Rouen | Sotteville-lès-Rouen | Saint-Étienne-du-Rouvray...
93%
Évreux Portes de Normandie Évreux | Saint-Sébastien-de-Morsent | Gravigny...
80%
CA Saint-Lô Agglo Saint-Lô | Torigny-les-Villes | Agneaux...
79%
CU d'Alençon Alençon | Saint-Germain-du-Corbéis | Condé-sur-Sarthe...
77%
CA de la Région Dieppoise Dieppe | Offranville | Arques-la-Bataille...
76%
CC Cœur Côte Fleurie Trouville-sur-Mer | Touques | Deauville...
76%
CA Mont-Saint-Michel-Normandie Avranches | Saint-Hilaire-du-Harcouët | Saint-James...
73%
CA Lisieux Normandie Lisieux | Mézidon Vallée d'Auge | Saint-Pierre-en-Auge...
72%
CC de Bayeux Intercom Bayeux | Saint-Vigor-le-Grand | Port-en-Bessin-Huppain...
70%
CC de Granville, Terre et Mer Granville | Saint-Pair-sur-Mer | Bréhal...
67%
CC Intercom de la Vire au Noireau Vire Normandie | Souleuvre en Bocage | Condé-en-Normandie...
64%
CC du Pays de Honfleur-Beuzeville Honfleur | Beuzeville | La Rivière-Saint-Sauveur...
63%
CA Seine Normandie Agglomération Vernon | Les Andelys | Vexin-sur-Epte...
62%
CC Seulles Terre et Mer Creully sur Seulles | Tilly-sur-Seulles | Ver-sur-Mer...
61%
Fécamp Caux Littoral Agglomération Fécamp | Saint-Léonard | Froberville...
57%
CC Coutances Mer et Bocage Coutances | Gouville-sur-Mer | Saint-Sauveur-Villages...
55%
CC Intercom Bernay Terres de Normandie Bernay | Mesnil-en-Ouche | Brionne...
53%
CC Terres d'Argentan Interco Argentan | Gouffern en Auge | Écouché-les-Vallées...
49%
CC de la Baie du Cotentin Carentan-les-Marais | Picauville | Sainte-Mère-Église...
47%
CC des Pays de L'Aigle L'Aigle | La Ferté-en-Ouche | Saint-Sulpice-sur-Risle...
47%
CC des Villes Sœurs Eu | Le Tréport | Criel-sur-Mer...
47%
CC Normandie-Cabourg-Pays d'Auge Dives-sur-Mer | Cabourg | Dozulé...
47%
CC Yvetot Normandie Yvetot | Saint-Martin-de-l'If | Sainte-Marie-des-Champs...
45%
CC du pays de Falaise Falaise | Potigny | Pont-d'Ouilly...
43%
Flers Agglo Flers | La Ferté Macé | Athis-Val de Rouvre...
43%
CC Terre d'Auge Pont-l'Évêque | Le Breuil-en-Auge | Bonneville-la-Louvet...
35%
CA Seine-Eure Louviers | Val-de-Reuil | Gaillon...
34%
CC du Pays de Mortagne au Perche Mortagne-au-Perche | Saint-Langis-lès-Mortagne | Bazoches-sur-Hoëne...
34%
CC Communauté Bray-Eawy Neufchâtel-en-Bray | Saint-Saëns | Les Grandes-Ventes...
33%
CC de la Côte d'Albâtre Saint-Valery-en-Caux | Cany-Barville | Néville...
33%
CC Cœur du Perche Sablons sur Huisne | Perche en Nocé | Rémalard en Perche...
32%
CC Caux-Austreberthe Barentin | Pavilly | Villers-Écalles...
31%
CC Isigny-Omaha Intercom Isigny-sur-Mer | Le Molay-Littry | Grandcamp-Maisy...
31%
Caux Seine Agglo Bolbec | Port-Jérôme-sur-Seine | Lillebonne...
30%
CC de Pont-Audemer / Val de Risle Pont-Audemer | Routot | Manneville-sur-Risle...
29%
CC des 4 rivières Gournay-en-Bray | Forges-les-Eaux | Ferrières-en-Bray...
29%
CC des Sources de l'Orne Sées | Mortrée | Chailloué...
29%
CC Interco Normandie Sud Eure Verneuil d'Avre et d'Iton | Mesnils-sur-Iton | Breteuil...
29%
Villedieu Intercom Villedieu-les-Poêles-Rouffigny | Percy-en-Normandie | Fleury...
29%
CC Domfront Tinchebray Interco Tinchebray-Bocage | Domfront en Poiraie | Chanu...
28%
CC du Vexin Normand Gisors | Étrépagny | Bézu-Saint-Éloi...
26%
CC Cœur de Nacre Douvres-la-Délivrande | Courseulles-sur-Mer | Luc-sur-Mer...
25%
CC Cingal-Suisse Normande Thury-Harcourt-le-Hom | Bretteville-sur-Laize | Saint-Sylvain...
24%
CC Falaises du Talou Petit-Caux | Saint-Nicolas-d'Aliermont | Envermeu...
23%
CC Pré-Bocage Intercom Les Monts d'Aunay | Villers-Bocage | Val d'Arry...
23%
CC Andaine - Passais Rives d'Andaine | Bagnoles de l'Orne Normandie | Juvigny Val d'Andaine...
20%
CC Côte Ouest Centre Manche La Haye | Périers | Lessay...
18%
CC Vallées de l'Orne et de l'Odon Saint-Martin-de-May | Fontaine-Étoupefour | Laize-Clinchamps...
18%
CC des Vallées d'Auge et du Merlerault Vimoutiers | Gacé | Merlerault-le-Pin...
17%
CC du Pays du Neubourg Le Neubourg | Le Bosc du Theil | Tourville-la-Campagne...
17%
CC interrégionale Aumale -Blangy-sur-Bresle Blangy-sur-Bresle | Aumale | Bouttencourt...
15%
CC Campagne de Caux Goderville | Bretteville-du-Grand-Caux | Bréauté...
13%
CC du Pays de Conches Conches-en-Ouche | La Bonneville-sur-Iton | Ferrières-Haut-Clocher...
13%
CC Plateau de Caux Yerville | Doudeville | Héricourt-en-Caux...
12%
CC Roumois Seine Bourg-Achard | Grand Bourgtheroulde | Bosroumois...
12%
CC Terroir de Caux Val-de-Scie | Luneray | Bacqueville-en-Caux...
12%
CC Lieuvin Pays d'Auge Thiberville | Épaignes | Lieurey...
11%
CC Val ès Dunes Argences | Moult-Chicheboville | Cagny...
11%
CC du Pays Fertois et du Bocage Carrougien Magny-le-Désert | Carrouges | Joué-du-Bois...
10%
CC Inter-Caux-Vexin Montville | Quincampoix | Buchy...
9%
CC Lyons Andelle Romilly-sur-Andelle | Fleury-sur-Andelle | Perriers-sur-Andelle...
9%
CC des Collines du Perche Normand Val-au-Perche | Ceton | Belforêt-en-Perche...
8%
CC des Hauts du Perche Tourouvre au Perche | Longny les Villages | Charencey...
8%
CC de la Vallée de la Haute Sarthe Courtomer | Saint-Julien-sur-Sarthe | Le Mêle-sur-Sarthe...
6%
CC de Londinières Londinières | Fresnoy-Folny | Smermesnil...
6%
CC du Val d'Orne Putanges-le-Lac | Giel-Courteilles | Bazoches-au-Houlme...
5%
Aucun quiz correspondant
Distribution des résultats
% des personnes avec chaque résultat
Percentile par nombre de réponses
Votre historique - résultats
Vous n’avez pas pris ce quiz